[Event "Syre Memorial op 43th"]
[Site "Issy les Moulineaux"]
[Date "2022.05.28"]
[Round "5.2"]
[White "Sorbe, Stephane"]
[Black "Rietman, Frits"]
[Result "1-0"]
[WhiteElo "2349"]
[BlackElo "2237"]
[PlyCount "66"]
[EventDate "2022.05.27"]
[EventType "swiss"]
[EventRounds "7"]
[EventCountry "FRA"]
[SourceTitle "EXT 2023"]
[Source "ChessBase"]
[SourceDate "2022.10.05"]
[SourceVersion "1"]
[SourceVersionDate "2022.10.05"]
[SourceQuality "1"]

1. e4 d5 2. exd5 Qxd5 3. Nc3 Qd6 4. d4 Nf6 5. Nf3 c6 6. g3 Bg4 7. Bg2 e6 8. 0-0 Be7 9. Bf4 Qd8 10. h3 Bxf3 11. Bxf3 Nbd7 12. Ne4 Nxe4 13. Bxe4 Nf6 14. Bg2 Bd6 15. Be3 Nd5 16. Bd2 b5 17. a4 0-0 18. c3 a6 19. b3 h6 20. c4 bxc4 21. bxc4 Ne7 22. Rb1 Rb8 23. Qg4 Kh8 24. Bc3 f5 25. Qe2 f4 26. Qxe6 Rf6 27. Qe4 Rxb1 28. Rxb1 fxg3 29. fxg3 Bxg3 30. d5 cxd5 31. cxd5 Bf2+ 32. Kh2 Rf5 33. Be5 Qa5 1-0

[Event "BL2-West 1415"]
[Site "Germany"]
[Date "2015.03.15"]
[Round "8.6"]
[White "Rietman, Frits"]
[Black "Coenen, Norbert"]
[Result "1/2-1/2"]
[WhiteElo "2244"]
[BlackElo "2315"]
[PlyCount "116"]
[EventDate "2014.09.21"]
[EventType "team-tourn"]
[EventRounds "9"]
[EventCountry "GER"]
[SourceTitle "CBM 166 Extra"]
[Source "ChessBase"]
[SourceDate "2015.06.18"]
[SourceVersion "1"]
[SourceVersionDate "2015.06.18"]
[SourceQuality "1"]
[WhiteTeam "Emsdetten Turm II"]
[BlackTeam "Aachen SV"]
[WhiteTeamCountry "GER"]
[BlackTeamCountry "GER"]

1. e4 d5 2. exd5 Qxd5 3. Nc3 Qa5 4. d4 Nf6 5. Nf3 c6 6. Ne5 Bf5 7. Nc4 Qc7 8. g3 g6 9. Bg2 Bg7 10. 0-0 0-0 11. Ne3 Be6 12. Qf3 Rd8 13. Rd1 Na6 14. Ne4 Nxe4 15. Qxe4 Bd5 16. Nxd5 cxd5 17. Qe2 Nb4 18. c3 Nc6 19. Bf4 Qd7 20. h4 h5 21. Kh2 e6 22. Re1 Re8 23. Rad1 Bf8 24. g4 Bd6 25. Bg3 hxg4 26. Qxg4 Kg7 27. Bf3 Rh8 28. Kg2 Ne7 29. Rh1 Nf5 30. Rde1 Rh6 31. h5 Rah8 32. Qg5 f6 33. Qd2 Bxg3 34. fxg3 Qd6 35. Qf4 Qb6 36. Re2 g5 37. Qd2 Qd6 38. Qe1 Kf7 39. Rf1 Ng7 40. g4 Ne8 41. Ref2 Ke7 42. Bd1 Qc6 43. Bc2 Qd6 44. Re2 Nc7 45. Rf3 Kd7 46. Ref2 f5 47. gxf5 Rxh5 48. Qe5 Rh2+ 49. Kf1 Qxe5 50. dxe5 exf5 51. Bxf5+ Ke7 52. Rxh2 Rxh2 53. Rh3 Rxh3 54. Bxh3 Ne6 55. Kf2 Nc5 56. Ke3 Na4 57. Bg2 Nxb2 58. Bxd5 Na4 1/2-1/2

[Event "NED-chT 1415"]
[Site "Netherlands"]
[Date "2014.11.01"]
[Round "2.10"]
[White "Schoppen, Casper"]
[Black "Rietman, Frits"]
[Result "1-0"]
[WhiteElo "1973"]
[BlackElo "2244"]
[PlyCount "81"]
[EventDate "2014.09.27"]
[EventType "team-tourn"]
[EventRounds "9"]
[EventCountry "NED"]
[SourceTitle "EXT 2015"]
[Source "ChessBase"]
[SourceDate "2014.11.20"]
[SourceVersion "1"]
[SourceVersionDate "2014.11.20"]
[SourceQuality "1"]
[WhiteTeam "Utrecht"]
[BlackTeam "SISSA"]
[WhiteTeamCountry "NED"]
[BlackTeamCountry "NED"]

1. d4 d5 2. c4 dxc4 3. Nf3 Nf6 4. e3 Bg4 5. Bxc4 e6 6. 0-0 Nbd7 7. Nc3 Bb4 8. a3 Bxc3 9. bxc3 0-0 10. a4 Re8 11. Qb3 Bxf3 12. gxf3 Rb8 13. Ba3 Nh5 14. f4 Qh4 15. Qd1 Kh8 16. Qf3 g6 17. Kh1 Qf6 18. Qg4 h6 19. a5 Ng7 20. Bb5 Qd8 21. Qh3 Kh7 22. d5 f5 23. c4 exd5 24. cxd5 Re4 25. Bd3 Ra4 26. Qg2 b5 27. Bc2 Rc4 28. Rg1 Qe8 29. Bd3 Rc3 30. Bb1 Rb3 31. e4 b4 32. Bc1 Rxb1 33. Rxb1 Qxe4 34. f3 Qe8 35. Bb2 Nh5 36. Qd2 Rb5 37. Rbe1 Qf7 38. Re6 Ndf6 39. Qe2 Nxd5 40. Re8 b3 41. Rh8# 1-0

[Event "NED-chT 1415"]
[Site "Netherlands"]
[Date "2014.09.27"]
[Round "1.5"]
[White "Vedder, Henk"]
[Black "Rietman, Frits"]
[Result "1-0"]
[WhiteElo "2382"]
[BlackElo "2244"]
[PlyCount "111"]
[EventDate "2014.09.27"]
[EventType "team-tourn"]
[EventRounds "9"]
[EventCountry "NED"]
[SourceTitle "CBM 162 Extra"]
[Source "ChessBase"]
[SourceDate "2014.10.17"]
[SourceVersion "1"]
[SourceVersionDate "2014.10.17"]
[SourceQuality "1"]
[WhiteTeam "En Passant"]
[BlackTeam "SISSA"]
[WhiteTeamCountry "NED"]
[BlackTeamCountry "NED"]

1. e4 d5 2. exd5 Qxd5 3. Nf3 Bg4 4. Be2 Nc6 5. h3 Bxf3 6. Bxf3 Qe5+ 7. Qe2 Qxe2+ 8. Bxe2 Nd4 9. Bd1 e5 10. c3 Ne6 11. 0-0 Nc5 12. d4 exd4 13. cxd4 Ne6 14. d5 Nc5 15. Nc3 0-0-0 16. Bc2 a6 17. Be3 Nf6 18. Rfd1 Bd6 19. Rac1 Rhe8 20. Bg5 Ncd7 21. Bf5 Kb8 22. Bxd7 Rxd7 23. Bxf6 gxf6 24. Rd4 Be5 25. Rh4 Bxc3 26. bxc3 Rxd5 27. Rxh7 Re2 28. Rxf7 Rf5 29. Rf1 Rxa2 30. g4 Rf3 31. Kg2 Rxc3 32. Rxf6 Ra4 33. g5 Rh4 34. f3 Rh5 35. Rf5 b5 36. Kg3 Rc4 37. f4 Rc3+ 38. Rf3 Rxf3+ 39. Kxf3 Rxh3+ 40. Kg4 Rh1 41. g6 b4 42. Rg5 Rh8 43. g7 Rg8 44. f5 b3 45. f6 b2 46. f7 Rc8 47. f8Q b1Q 48. Qxc8+ Kxc8 49. g8Q+ Kb7 50. Qd5+ Ka7 51. Qd4+ Kb7 52. Rg8 Qh1 53. Qb4+ Kc6 54. Rg6+ Kd7 55. Rg7+ Kc8 56. Qf8+ 1-0

[Event "Oberliga NRW 1314"]
[Site "Germany"]
[Date "2014.04.27"]
[Round "9.6"]
[White "Schulze Bisping, Franz Adolf"]
[Black "Rietman, Frits"]
[Result "0-1"]
[WhiteElo "1865"]
[BlackElo "2259"]
[PlyCount "72"]
[EventDate "2013.09.15"]
[EventType "team-tourn"]
[EventRounds "9"]
[EventCountry "GER"]
[SourceTitle "EXT 2015"]
[Source "ChessBase"]
[SourceDate "2014.11.20"]
[SourceVersion "1"]
[SourceVersionDate "2014.11.20"]
[SourceQuality "1"]
[WhiteTeam "Erkenschwick"]
[BlackTeam "Emsdetten Turm II"]
[WhiteTeamCountry "GER"]
[BlackTeamCountry "GER"]

1. d4 Nf6 2. c4 e6 3. Nc3 Bb4 4. f3 d5 5. a3 Bxc3+ 6. bxc3 c5 7. cxd5 Nxd5 8. Qd3 cxd4 9. cxd4 Nc6 10. e4 Nde7 11. Be3 0-0 12. Ne2 f5 13. Rd1 fxe4 14. fxe4 Ng6 15. g3 Qa5+ 16. Rd2 Bd7 17. Bg2 Rac8 18. Qc3 Qa6 19. Qd3 Qa4 20. Rb2 b6 21. Nf4 Nxf4 22. gxf4 Na5 23. 0-0 Nc4 24. Rb3 Nd6 25. Rfb1 Qc4 26. Bf1 Qxd3 27. Bxd3 Ba4 28. Rb4 Bc2 29. Bxc2 Rxc2 30. d5 exd5 31. exd5 Re8 32. Bd4 Ree2 33. Be5 Nf5 34. R4b2 Rg2+ 35. Kh1 Rxh2+ 36. Kg1 Rhg2+ 0-1

[Event "Groningen op compact-A 51st"]
[Site "Groningen"]
[Date "2013.12.30"]
[Round "5"]
[White "Aubert, Carsten"]
[Black "Rietman, Frits"]
[Result "0-1"]
[WhiteElo "1997"]
[BlackElo "2276"]
[PlyCount "68"]
[EventDate "2013.12.26"]
[EventType "swiss"]
[EventRounds "5"]
[EventCountry "NED"]
[SourceTitle "CBM 158 Extra"]
[Source "ChessBase"]
[SourceDate "2014.02.28"]
[SourceVersion "1"]
[SourceVersionDate "2014.02.28"]
[SourceQuality "1"]

1. d4 Nf6 2. c4 g6 3. Nc3 Bg7 4. e4 d6 5. f3 0-0 6. Be3 c5 7. d5 e6 8. Qd2 exd5 9. exd5 Re8 10. 0-0-0 a6 11. Bg5 Nbd7 12. Nge2 b5 13. Ng3 bxc4 14. Bxc4 Qb6 15. Rhe1 Bb7 16. Rxe8+ Rxe8 17. Nge4 Nxe4 18. Nxe4 f5 19. Nc3 Qb4 20. Re1 Rxe1+ 21. Qxe1 Ne5 22. Bf1 h6 23. Be7 Nf7 24. Qe6 Bxc3 25. Qxg6+ Kh8 26. bxc3 Qxc3+ 27. Kd1 Qd4+ 28. Kc2 Qf2+ 29. Kd1 Qxf1+ 30. Kd2 Qd3+ 31. Kxd3 Ne5+ 32. Kc3 Nxg6 33. Bxd6 Bxd5 34. Bxc5 Bxa2 0-1

[Event "Oberliga NRW 1314"]
[Site "Germany"]
[Date "2013.12.08"]
[Round "4.7"]
[White "Ozerov, Ilja"]
[Black "Rietman, Frits"]
[Result "1/2-1/2"]
[WhiteElo "2091"]
[BlackElo "2259"]
[PlyCount "95"]
[EventDate "2013.09.15"]
[EventType "team-tourn"]
[EventRounds "9"]
[EventCountry "GER"]
[SourceTitle "EXT 2015"]
[Source "ChessBase"]
[SourceDate "2014.11.20"]
[SourceVersion "1"]
[SourceVersionDate "2014.11.20"]
[SourceQuality "1"]
[WhiteTeam "Muelheim II"]
[BlackTeam "Emsdetten Turm II"]
[WhiteTeamCountry "GER"]
[BlackTeamCountry "GER"]

1. e4 c5 2. Nf3 d6 3. d4 cxd4 4. Nxd4 Nf6 5. Nc3 a6 6. Bg5 e6 7. f4 Nc6 8. e5 h6 9. Bh4 Nxd4 10. Qxd4 dxe5 11. Qxd8+ Kxd8 12. fxe5 g5 13. Bg3 Nd7 14. 0-0-0 Bg7 15. Be2 Ke7 16. Bh5 b6 17. Rhf1 Rf8 18. Rd2 Bb7 19. Rdf2 f5 20. exf6+ Rxf6 21. Rxf6 Bxf6 22. Bf3 Bxc3 23. Bxb7 Ra7 24. Bc6 Be5 25. Bxd7 Bxg3 26. hxg3 Rxd7 27. Rh1 Rd4 28. Rxh6 Rg4 29. Rh3 Kf6 30. Kd2 Kf5 31. c3 Re4 32. Rh1 Ra4 33. a3 Kg4 34. Re1 Kxg3 35. Rxe6 Kxg2 36. Rxb6 g4 37. Kd3 g3 38. c4 Ra5 39. Rg6 Rh5 40. Kd4 Rh4+ 41. Kd5 Kf3 42. Rxg3+ Kxg3 43. c5 Rh5+ 44. Kd6 Rh6+ 45. Kd7 Rh7+ 46. Kd6 Rh6+ 47. Kd7 Rh7+ 48. Kd6 1/2-1/2

[Event "Oberhausen op"]
[Site "Oberhausen"]
[Date "2013.03.30"]
[Round "4"]
[White "Levin, Felix"]
[Black "Rietman, Frits"]
[Result "1/2-1/2"]
[WhiteElo "2512"]
[BlackElo "2231"]
[PlyCount "58"]
[EventDate "2013.03.28"]
[EventType "swiss"]
[EventRounds "7"]
[EventCountry "GER"]
[SourceTitle "CBM 153 Extra"]
[Source "ChessBase"]
[SourceDate "2013.04.22"]
[SourceVersion "1"]
[SourceVersionDate "2013.04.22"]
[SourceQuality "1"]

1. d4 Nf6 2. Nf3 e6 3. c4 b6 4. Nc3 Bb7 5. a3 d5 6. Bg5 Be7 7. Qa4+ c6 8. Bxf6 Bxf6 9. cxd5 exd5 10. g3 0-0 11. Bg2 Re8 12. 0-0 a5 13. Rfd1 Nd7 14. Qc2 Nf8 15. e3 Ne6 16. Ne1 g6 17. Rac1 Rc8 18. b4 axb4 19. axb4 Ba8 20. Qb3 c5 21. dxc5 Bxc3 22. Rxc3 d4 23. Bxa8 Rxa8 24. Rc4 Qf6 25. Qb2 bxc5 26. bxc5 Rab8 27. Qa1 Ra8 28. Qb2 Rab8 29. Qa1 Ra8 1/2-1/2

[Event "BL2-West 1213"]
[Site "Germany"]
[Date "2013.02.03"]
[Round "6.5"]
[White "Krieg, Nikolaj"]
[Black "Rietman, Frits"]
[Result "1/2-1/2"]
[WhiteElo "2348"]
[BlackElo "2244"]
[PlyCount "50"]
[EventDate "2012.10.14"]
[EventType "team-tourn"]
[EventRounds "9"]
[EventCountry "GER"]
[SourceTitle "CBM 154 Extra"]
[Source "ChessBase"]
[SourceDate "2013.06.25"]
[SourceVersion "2"]
[SourceVersionDate "2013.06.25"]
[SourceQuality "1"]
[WhiteTeam "Solingen SG II"]
[BlackTeam "Emsdetten Turm II"]
[WhiteTeamCountry "GER"]
[BlackTeamCountry "GER"]

1. d4 Nf6 2. Nf3 e6 3. c4 d5 4. Bg5 Bb4+ 5. Nc3 dxc4 6. Qa4+ Nc6 7. Bxf6 Qxf6 8. Ne5 0-0 9. Nxc6 Bxc3+ 10. bxc3 Bd7 11. Qxc4 Bxc6 12. f3 Bd5 13. Qd3 c5 14. e4 Bc6 15. dxc5 Qg5 16. Kf2 Qxc5+ 17. Qe3 Qa3 18. Be2 Rad8 19. Rhb1 Rd7 20. Rb3 Qa5 21. Rb2 Rc8 22. Rc1 b6 23. Rd2 Rxd2 24. Qxd2 Ba4 25. Qd4 Qc5 1/2-1/2

[Event "BL2-West 1213"]
[Site "Germany"]
[Date "2012.12.09"]
[Round "4.4"]
[White "Rietman, Frits"]
[Black "Baklan, Vladimir"]
[Result "0-1"]
[WhiteElo "2244"]
[BlackElo "2610"]
[PlyCount "62"]
[EventDate "2012.10.14"]
[EventType "team-tourn"]
[EventRounds "9"]
[EventCountry "GER"]
[SourceTitle "CBM 154 Extra"]
[Source "ChessBase"]
[SourceDate "2013.06.25"]
[SourceVersion "2"]
[SourceVersionDate "2013.06.25"]
[SourceQuality "1"]
[WhiteTeam "Emsdetten Turm II"]
[BlackTeam "Koeln Porz"]
[WhiteTeamCountry "GER"]
[BlackTeamCountry "GER"]

1. e4 c5 2. Nf3 Nc6 3. Bb5 Nf6 4. e5 Nd5 5. 0-0 Nc7 6. Bxc6 dxc6 7. h3 h6 8. Nc3 Bf5 9. Re1 Ne6 10. Ne4 Qd5 11. d3 g5 12. Ng3 Bg6 13. h4 g4 14. Nh2 h5 15. Nhf1 Rg8 16. Ne3 Qd7 17. a3 Bg7 18. Nef5 Bh8 19. b4 c4 20. d4 Nc7 21. Ne3 c3 22. Nc4 0-0-0 23. Be3 Ne6 24. a4 Qd5 25. Na5 Nxd4 26. Bxd4 Qxd4 27. Qxd4 Rxd4 28. b5 Rd5 29. Nc4 Rc5 30. Ne3 e6 31. bxc6 Rxc6 0-1

[Event "Groningen Atlantis-A"]
[Site "Groningen"]
[Date "2010.08.21"]
[Round "6"]
[White "Rietman, Frits"]
[Black "Schoorl, Rob"]
[Result "1-0"]
[WhiteElo "2258"]
[BlackElo "2276"]
[PlyCount "97"]
[EventDate "2010.08.16"]
[EventType "tourn"]
[EventRounds "9"]
[EventCountry "NED"]
[EventCategory "4"]
[SourceTitle "CBM 138 Extra"]
[Source "ChessBase"]
[SourceDate "2010.10.29"]
[SourceVersion "1"]
[SourceVersionDate "2010.10.29"]
[SourceQuality "1"]

1. e4 e5 2. Nf3 Nc6 3. Bb5 a6 4. Ba4 Nf6 5. 0-0 Be7 6. Re1 b5 7. Bb3 d6 8. c3 0-0 9. d4 Bg4 10. Be3 exd4 11. cxd4 d5 12. e5 Ne4 13. h3 Bh5 14. Nc3 Nxc3 15. bxc3 Qd7 16. g4 Bg6 17. Nd2 f5 18. exf6 Bxf6 19. f4 Bh4 20. Qf3 Rad8 21. Bf2 Bxf2+ 22. Qxf2 h5 23. f5 hxg4 24. hxg4 Bh7 25. Ne4 Bxf5 26. gxf5 Rxf5 27. Qg2 Rf4 28. Re3 b4 29. Nc5 Qf5 30. Rg3 Qf7 31. Rg5 Ne7 32. Nd3 Rf5 33. Ne5 Rxg5 34. Qxg5 Qf6 35. Qxf6 gxf6 36. Nf3 bxc3 37. Rc1 Kf7 38. Rxc3 c6 39. Bc2 a5 40. Rc5 Ra8 41. a4 Ke6 42. Nd2 Kd6 43. Nb3 Rb8 44. Rxa5 Rb4 45. Ra7 Rc4 46. a5 Nc8 47. Rb7 c5 48. dxc5+ Kc6 49. a6 1-0

[Event "NED-chT 0809"]
[Site "Netherlands"]
[Date "2008.09.27"]
[Round "1.8"]
[White "Fiebig, Thomas"]
[Black "Rietman, Frits"]
[Result "1/2-1/2"]
[WhiteElo "2405"]
[BlackElo "2252"]
[PlyCount "94"]
[EventDate "2008.09.27"]
[EventType "team-tourn"]
[EventRounds "9"]
[EventCountry "NED"]
[SourceTitle "CBM 127 Extra"]
[Source "ChessBase"]
[SourceDate "2009.01.08"]
[SourceVersion "2"]
[SourceVersionDate "2009.01.28"]
[SourceQuality "1"]
[WhiteTeam "Enschede ESGOO"]
[BlackTeam "Groningen Hotels"]
[WhiteTeamCountry "NED"]
[BlackTeamCountry "NED"]

1. e4 c5 2. c3 Nf6 3. e5 Nd5 4. d4 cxd4 5. Nf3 Nc6 6. cxd4 d6 7. Bc4 Nb6 8. Bb5 d5 9. Nh4 e6 10. Nf3 Bd7 11. Nc3 Be7 12. 0-0 0-0 13. Bd3 f5 14. exf6 Bxf6 15. Qc2 Nxd4 16. Nxd4 Bxd4 17. Bxh7+ Kh8 18. Bd3 Qh4 19. Be3 Bxe3 20. fxe3 Nc4 21. Qe2 Ne5 22. Bc2 Kg8 23. Rf4 Rxf4 24. exf4 Qxf4 25. Rf1 Qd4+ 26. Kh1 g6 27. h3 Kg7 28. Rd1 Qf4 29. Re1 Nc6 30. Rf1 Qg3 31. Rf3 Qg5 32. Qf2 Ne5 33. Qd4 Kg8 34. Rf1 Rf8 35. Rxf8+ Kxf8 36. Qxa7 Bc6 37. Qd4 Nf7 38. Ba4 Qc1+ 39. Kh2 e5 40. Qc5+ Kg7 41. Bxc6 bxc6 42. Qe7 Qxb2 43. Na4 Qd4 44. Nc5 Qf4+ 45. Kg1 Qc1+ 46. Kh2 Qf4+ 47. Kg1 Qc1+ 1/2-1/2

[Event "Paleochora op 1st"]
[Site "Paleochora"]
[Date "2008.07.24"]
[Round "5"]
[White "Rietman, Frits"]
[Black "Oleksienko, Mikhailo"]
[Result "0-1"]
[WhiteElo "2252"]
[BlackElo "2588"]
[PlyCount "124"]
[EventDate "2008.07.21"]
[EventType "swiss"]
[EventRounds "9"]
[EventCountry "GRE"]
[SourceTitle "CBM 125 Extra"]
[Source "ChessBase"]
[SourceDate "2008.09.01"]
[SourceVersion "1"]
[SourceVersionDate "2008.09.01"]
[SourceQuality "1"]

1. e4 c5 2. Nf3 e6 3. b3 Nf6 4. e5 Nd5 5. Bb2 Nc6 6. g3 g6 7. Na3 Bg7 8. Nc4 0-0 9. Bg2 b6 10. 0-0 Ba6 11. Re1 Bxc4 12. bxc4 Nde7 13. d3 Qc7 14. Qe2 Rad8 15. h4 Nf5 16. Rab1 d6 17. g4 Nh6 18. exd6 Qxd6 19. Bxg7 Kxg7 20. Qe4 Nd4 21. Nxd4 Qxd4 22. Bh3 Rfe8 23. a4 f5 24. gxf5 Nxf5 25. Bxf5 gxf5 26. Qxd4+ Rxd4 27. a5 Rd6 28. axb6 axb6 29. Ra1 Re7 30. Re3 Kf6 31. Rg3 Ke5 32. Kf1 Rf7 33. Ke2 Rd4 34. Ra8 Rfd7 35. Rb8 R7d6 36. Rf8 Rxh4 37. Re3+ Kf4 38. Rf6 Rh1 39. Re4+ Kg5 40. Rexe6 Rxe6+ 41. Rxe6 Rb1 42. c3 h5 43. d4 h4 44. Re8 Rb2+ 45. Kf3 Rc2 46. Re3 h3 47. Rd3 h2 48. Kg2 Rxf2+ 49. Kh1 Kf6 50. dxc5 bxc5 51. Rd6+ Kg5 52. Rg6+ Kf4 53. Rg4+ Ke3 54. Re4+ Kd3 55. Re3+ Kxc4 56. Re4+ Kd3 57. Re5 Rf1+ 58. Kxh2 c4 59. Kg2 Rf4 60. Kg3 Re4 61. Rxf5 Kxc3 62. Kf3 Re8 0-1

[Event "NRW Class2 0708"]
[Site "Germany"]
[Date "2008.02.10"]
[Round "6.6"]
[White "Rietman, Frits"]
[Black "Peters, Ortwin"]
[Result "1-0"]
[WhiteElo "2227"]
[BlackElo "2106"]
[PlyCount "105"]
[EventDate "2007.09.16"]
[EventType "team"]
[EventRounds "9"]
[EventCountry "GER"]
[SourceTitle "EXT 2009"]
[Source "ChessBase"]
[SourceDate "2008.11.26"]
[SourceVersion "1"]
[SourceVersionDate "2008.11.26"]
[SourceQuality "1"]
[WhiteTeam "Emsdetten II"]
[BlackTeam "Solingen III"]
[WhiteTeamCountry "GER"]
[BlackTeamCountry "GER"]

1. e4 Nf6 2. e5 Nd5 3. d4 d6 4. c4 Nb6 5. exd6 exd6 6. Nc3 Be7 7. Bd3 Nc6 8. Nge2 0-0 9. 0-0 Bg4 10. f3 Bh5 11. b3 Bf6 12. Be3 Re8 13. Bf2 Qd7 14. Ne4 Be7 15. Nf4 Bg6 16. Nxg6 hxg6 17. d5 Nb4 18. Bb1 c6 19. a3 Na6 20. dxc6 bxc6 21. Ra2 d5 22. cxd5 cxd5 23. Nc3 Rad8 24. Bd3 Nc7 25. a4 d4 26. Ne2 Bf6 27. Rd2 Re7 28. Be4 Ne6 29. Qb1 Qc8 30. Rfd1 Red7 31. Kf1 Be5 32. g3 g5 33. Bf5 Nd5 34. Qe4 Qb8 35. Bxe6 fxe6 36. Bxd4 Bxd4 37. Rxd4 Qxb3 38. Qxe6+ Kh8 39. Qh3+ Kg8 40. Qe6+ Kh8 41. Kf2 Re7 42. Qxe7 Nxe7 43. Rxd8+ Kh7 44. a5 Nc6 45. R8d3 Qa2 46. Rd5 Nxa5 47. Rxg5 Qa4 48. Rdd5 Qa3 49. Rd7 Nc4 50. Rgxg7+ Kh6 51. Rh7+ Kg6 52. Nf4+ Kf6 53. Rhf7+ 1-0

[Event "Avoine op 21th"]
[Site "Avoine"]
[Date "2006.07.25"]
[Round "4"]
[White "Rietman, Frits"]
[Black "Salaun, Yann"]
[Result "0-1"]
[WhiteElo "2185"]
[BlackElo "2312"]
[PlyCount "52"]
[EventDate "2006.07.22"]
[EventType "swiss"]
[EventRounds "9"]
[EventCountry "FRA"]
[SourceTitle "EXT 2007"]
[Source "ChessBase"]
[SourceDate "2006.11.23"]
[SourceVersion "1"]
[SourceVersionDate "2006.11.23"]
[SourceQuality "1"]

1. e4 e5 2. Nf3 Nc6 3. Bb5 a6 4. Ba4 Nf6 5. 0-0 Nxe4 6. d4 Be7 7. Qe2 f5 8. dxe5 0-0 9. c3 Qe8 10. Bb3+ Kh8 11. Bd5 Bc5 12. Bxc6 dxc6 13. Be3 Be7 14. Nbd2 c5 15. Ne1 Be6 16. c4 b5 17. Rc1 Nxd2 18. Bxd2 Bxc4 19. Rxc4 bxc4 20. Bc3 Qf7 21. Nc2 f4 22. f3 Qf5 23. Na3 Qd3 24. Re1 Rad8 25. Nxc4 Bh4 26. Qxd3 Rxd3 0-1

[Event "NED-chT 0506 playoff"]
[Site "Enschede"]
[Date "2006.05.13"]
[Round "1.10"]
[White "Cheparinov, Ivan"]
[Black "Rietman, Frits"]
[Result "1-0"]
[WhiteElo "2625"]
[BlackElo "2175"]
[PlyCount "59"]
[EventDate "2006.05.13"]
[EventType "team-k.o."]
[EventRounds "2"]
[EventCountry "NED"]
[SourceTitle "EXT 2007"]
[Source "ChessBase"]
[SourceDate "2006.11.23"]
[SourceVersion "1"]
[SourceVersionDate "2006.11.23"]
[SourceQuality "1"]
[WhiteTeam "Breda Worx"]
[BlackTeam "Groningen Hotels"]
[WhiteTeamCountry "NED"]
[BlackTeamCountry "NED"]

1. e4 c5 2. Nf3 d6 3. d4 cxd4 4. Nxd4 Nf6 5. Nc3 a6 6. Be3 e5 7. Nb3 Be6 8. Qd2 Nbd7 9. 0-0-0 b5 10. f4 Ng4 11. f5 Bxb3 12. cxb3 Nxe3 13. Qxe3 Be7 14. Kb1 Nf6 15. Be2 h5 16. g3 Qb8 17. h3 Qa7 18. Qf3 h4 19. g4 Nd7 20. Qg2 Bg5 21. Rxd6 0-0 22. Rhd1 Nf6 23. Nd5 Rfd8 24. Nxf6+ Bxf6 25. g5 Be7 26. R6d5 Qe3 27. f6 Rxd5 28. exd5 Bc5 29. d6 Rd8 30. g6 1-0